00517nam a2200193 a 450000500170000000800410001701000140005802000110007203500130008303700150009604000180011108200100012910000210013924500550016026000350021530000270025049000290027765000170030619891103115845.5880317s1988 ii b 001 0 eng  aENG-92303 c105.00 aEN-75836 bDBAD / PUB adplbEnglish  a211.4 aNayak, Narendra  aBattle against supernatural /cby Narendra Nayak  aTamil NadubB. Premanandc2007 ax, 288p. c20cm (pbk)  aSkeptic club book no. 25 aRationalism.